En voz de Vicente : entrevistas a Fox /

Gespeichert in:
Bibliographische Detailangaben
1. Verfasser: Fox, Vicente (autor y prólogo)
Weitere Verfasser: Ruiz-Healy, Eduardo (entrevista) (entrevista)
Format: Unbekannt
Sprache:Spanisch
Veröffentlicht: México : Oxford University, 2000, 2000
Tags: Tag hinzufügen
Keine Tags, Fügen Sie das erste Tag hinzu!

MARC

LEADER 00000c**#a2200000ua#4500
001 000614703
005 20250521000000.0
009 20260310133646.402
020 |a 970-613-665-7 
025 |a Donación Juan Lafarga Corona, 1 ejemplar 
037 |a Acervo Xavier Clavigero 
041 |a ESP 
091 |a FLC. 00570 
100 |a Fox, Vicente  |e (autor y prólogo) 
245 1 0 |a En voz de Vicente :  |b entrevistas a Fox / 
264 4 |a México :  |b Oxford University,  |c 2000, 2000 
300 |a XVII, 378 p. 
336 |a texto  |b txt  |2 rdacontenido 
337 |a sin mediación  |b n  |2 rdamedio 
338 |a volumen  |b nc  |2 rdasoporte 
649 |a XX 
700 |a Ruiz-Healy, Eduardo  |e (entrevista) 
910 |a Fondo Juan Lafarga Corona S.J. 
920 |a Impresos - Libros 
930 |a Fondos Especiales 
905 |a 145 
901 |a 614703-10  |b IT2  |c ESP  |i D  |u 20250521 
902 |a https://opac.biblio.iteso.mx/vufind/Record/000614703